000 00909nam a2200289 i 4500
001 190086
003 SpMaBN
005 20250620063024.0
008 200312s2017 sp |||| | spa d
020 _a978-84-88909-40-4
080 _a343.541-053.2
080 _a616.89-008.442.38
100 1 _aLabedan, Carole,
_d1961-
_9170000
245 1 0 _aDel abuso al incesto
_b: la realidad robada /
_cCarole Labedan.
250 _a1ª ed.
260 _aMadrid :
_bPsimática,
_c2017.
300 _a166 p. ;
_c21 cm.
490 1 _aClínica
500 _aApéndice: Edipo. Piel de asno.
504 _aBibliografía: p. [165]-166.
650 7 _aNiños-
_xAbusos sexuales.
_9170001
650 7 _aIncesto.
_9160654
830 0 _aClínica
_9193480
852 _aES-MaACL
_jA-14582
_9197237
_bR.151889
_cDEPO1
_dOlim: N-7582
_hDonación: Editorial
942 _2udc
_cMONOGRAFIA
999 _c190086
_d190086